00218nam a2200097 a 450000500170000000800410001705000190005824500170007765000090009465000170010320141022142005.0080922s19uu xx 00 eng d aVCDbSCH6 2003 aSchool ties. aVCD. aSchool ties.